000 00912nas a2200301 4500
001 BR9212709
003 BR-BrBNA
005 20231205094751.0
007 ta
008 230509b bl.|||p| |||| 00| 00por d
040 _aBR-BrBNA
_bpor
_cBiblioteca Nacional de Agricultura
041 _a(Pt)
072 _aF30
100 1 _aMiranda, P.
100 1 _aCorreia, E. de B.
100 1 _aCaldas, G.C.
100 1 _aReis, O.V. dos
100 1 _aFarias, I.
100 1 _aPereira, J.T.
245 1 _aCapacidade produtiva das cultivares de caupi, Vigna unguiculata (L.)Walp. 1 - producao de graos secos e vagem verde
650 _aFeijao
650 _aGrao
650 _aVariedade
650 _aMelhoramento Vegetal
773 0 _tPesquisa Agropecuaria Pernambucana (Brazil)
_xISSN 0100-8501
_g(Jun 1979), v. 3(1) p. 51-59
_wBR9212709
909 _a202311
_bLúcia
_c55
_dLúcia Elande
942 _2AGRIS
_n0
_cANA
999 _c146713
_d146713